LEADER 02443nam 2200481 450 001 9910427714603321 005 20210217145041.0 010 $a981-15-7490-1 024 7 $a10.1007/978-981-15-7490-0 035 $a(CKB)4100000011457818 035 $a(DE-He213)978-981-15-7490-0 035 $a(MiAaPQ)EBC6353687 035 $a(PPN)253256836 035 $a(EXLCZ)994100000011457818 100 $a20210217d2020 uy 0 101 0 $aeng 135 $aurnn|008mamaa 181 $ctxt$2rdacontent 182 $cc$2rdamedia 183 $acr$2rdacarrier 200 00$aIndustrial internet $eresearch on the development of electronic information engineering technology in China /$fCenter for Electronics and Information Studies, Chinese Academy of Engineering 205 $a1st ed. 2020. 210 1$aSingapore :$cSpringer :$cScience Press,$d[2020] 210 4$dİ2020 215 $a1 online resource (XVI, 56 p. 14 illus., 7 illus. in color.) 311 $a981-15-7489-8 327 $a1 Introduction -- 2 Global Development Trend -- 3 Development Status in China -- 4 Innovative Development -- 5 Conclusion. 330 $aThis book discusses the birth and background of the Industrial Internet, clarifying its definition and structure, and reviewing the related development trends in China and around the globe, mainly in terms of policies, networks, platforms, security, application and standards. Lastly, it provides insights into the integration of the Industrial Internet with a series of next-gen information technologies, such as time sensitive networking, 5G, edge computing, blockchain and artificial intelligence. Intended for researchers and industrial practitioners who have been following the evolution of and trends in the Industrial Internet, the book is also a valuable reference resource for practitioners, scholars, and technical and engineering managers at various levels and in various fields. 606 $aInformation technology$zChina 606 $aInternet$zChina 606 $aComputer industry 615 0$aInformation technology 615 0$aInternet 615 0$aComputer industry. 676 $a303.48330951 712 02$aCenter for Electronics and Information Studies, Chinese Academy of Engineering, 801 0$bMiAaPQ 801 1$bMiAaPQ 801 2$bMiAaPQ 906 $aBOOK 912 $a9910427714603321 996 $aIndustrial internet$92158881 997 $aUNINA LEADER 00914nam a2200265 i 4500 001 991001008349707536 005 20020507105054.0 008 970307s1987 us ||| | eng 035 $ab10160784-39ule_inst 035 $aLE00640585$9ExL 040 $aDip.to Fisica$bita 084 $a510.45 084 $aQA431 100 1 $aTricomi, Francesco Giacomo$028676 245 10$aIntegral equations /$cFrancesco Tricomi 260 $aNew York :$bDover Publications, Inc.,$c1987 300 $aviii, 238 p. :$bill. ;$c22 cm. 490 0 $aDover books on advanced mathematics 650 4$aIntegral equations 907 $a.b10160784$b20-04-22$c27-06-02 912 $a991001008349707536 945 $aLE006 510.45 TRI$g1$i2006000021630$lle006$o-$pE0.00$q-$rl$s- $t0$u3$v0$w3$x0$y.i10195002$z27-06-02 996 $aIntegral equations$943038 997 $aUNISALENTO 998 $ale006$b01-01-97$cm$da $e-$feng$gus $h0$i1 LEADER 02081oas 22007093a 450 001 9910338743603321 005 20251106213014.0 011 $a1941-6679 035 $a(OCoLC)213076445 035 $a(CONSER) 2008212061 035 $a(CKB)111056646018258 035 $a(EXLCZ)99111056646018258 100 $a20080307a20029999 uy a 101 0 $aeng 135 $aur||||||||||| 181 $ctxt$2rdacontent 182 $cc$2rdamedia 183 $acr$2rdacarrier 200 10$aJournal of international technology and information management 210 $aSan Bernardino, CA $cInternational Information Management Association 300 $aRefereed/Peer-reviewed 311 08$a1543-5962 517 1 $aJITIM 606 $aInformation technology$xManagement$vPeriodicals 606 $aManagement information systems$vPeriodicals 606 $aInformation technology$xManagement$2fast$3(OCoLC)fst00973112 606 $aManagement information systems$2fast$3(OCoLC)fst01007271 606 $aBusiness$2galestne 606 $aComputers$2galestne 606 $aInformation technology industry$2galestne 608 $aPeriodicals.$2fast 615 0$aInformation technology$xManagement 615 0$aManagement information systems 615 7$aInformation technology$xManagement. 615 7$aManagement information systems. 615 7$aBusiness. 615 7$aComputers. 615 7$aInformation technology industry. 676 $a658.4/038/0285 712 02$aInternational Information Management Association 801 0$bNSD 801 1$bNSD 801 2$bNSD 801 2$bLGG 801 2$bOCLCQ 801 2$bOCLCO 801 2$bOCLCQ 801 2$bOCLCF 801 2$bOCLCO 801 2$bOCLCQ 801 2$bVT2 801 2$bCCT 801 2$bWT2 801 2$bOCLCO 801 2$bOCLCQ 801 2$bIOY 801 2$bOCLCL 801 2$bOCLCQ 906 $aJOURNAL 912 $a9910338743603321 996 $aJournal of international technology and information management$92248105 997 $aUNINA